00349cam a22001097a 4500008004000000082002300040100002200063245005400085260003900139300002100178650004000199180718b1971 xxu||||| |||| 00| 0 eng d aA44x54 SU76 70 -12 aGopalakrishnan,R. aSupreme court encyclopaediacBy R. Gopalakrishnan aNew DelhibR. Gopalakrishnanc1971 aVol - XII, 220p. aLaw reports, digests, etc. -- India